| 000 | 00456cam a2200145 4500 | ||
|---|---|---|---|
| 001 | J119382 | ||
| 008 | 020816n1980 000 0 eng u | ||
| 035 | _a(Sirsi) u119382 | ||
| 050 | _a348.41047 | ||
| 110 | _aIncoporated Council of Law Reporting for England and Wales | ||
| 245 | 4 | _aThe law reports, weekly law reports and industrial cases reports consolidated index 1981-1990 | |
| 260 |
_aLondon _bICLR _c1980 |
||
| 300 |
_a1325p. _c24cm. |
||
| 942 | _n0 | ||
| 999 |
_c102307 _d102307 |
||